000 00909nam a22002897a 4500
003 CHAP
005 20220329135100.0
008 971013s1889 r 00010 d
010 _a30640
011 _a31612
035 _a35724
040 _cCHAP
082 _a381.0972
_bM3
100 0 0 _aMaría Campos, Ricardo de.
_971475
245 _aDatos mercantiles
260 _aMéxico, D.F. :
_bSecretaría de Fomento, Colonización, Industria y Comercio,
_c1889
300 _a472 p
590 _aBATCH-UPD
_b10
_c20130110
_lUCH01
_h1556
590 _aBATCH-UPD
_b10
_c20130410
_lUCH01
_h0953
590 _aBATCH-UPD
_b10
_c20130914
_lUCH01
_h1013
590 _aCONVERSION
_b10
_c20130109
_lUCH01
_h1317
650 1 4 _aComercio
_xEstadísticas
_zMéxico.
_925589
650 1 4 _aComercio
_xHistoria
_xMéxico.
_925612
901 _aBK
942 _cLIBRO
949 _a381.0972 M3
_bBC
_cBPP
_d-82630
_eBPP
_h73523
_i35724
_mD
_si
999 _c30640
_d30640